00353nam a22001217a 4500020001500000082002600015100001800041245006200059260005600121300002100177650001400198650001900212 a8184350325 223rd.ed.a025.042 GOD aGodia, Kundan aAccess and the changing trends in librariescKundan Godia aNew DelhibAdhyayan Publishers & Distributorsc2007 aix, 245p.c22cm. aLibraries aLibrary trends